Music Quiz

Random Music or Book Quiz

The Books Samples Quiz Stats

 Plays Quiz not verified by Sporcle

Score 0/20 Timer 07:00
0 Plays Today
Hint Answer % Correct
What I am I will ________!be
100%
The ______ of pinklemon
80%
That which is now, and that which is to be hath already _______.been
80%
And I see, and I _______...see
80%
I can't find The Books, they must be in ___ _____!La Jolla
70%
By digitizing thunder and _____ _____ Georgia was able to compose aleatoric music.traffic noises
70%
Welcome to the human race; you're a ______.mess
70%
It has been a great pleasure to have you aboard _____ _____.Japan Airlines
70%
Kill 'em! I wish I was a ______.boy
70%
If you don't expect something big, huge, and _________, usually, um... just... I don't know.exciting
70%
Hint Answer % Correct
Hello, greetings, and welcome. Welcome to a new beginning, for this ______ will serve as a new beginning.tape
70%
I want to tell you a story about ____ _____.hip hop
70%
You have no _______ ___ ________!mother or father
70%
He is 42, 5 feet, eight inches tall, normally wears his _____ _____ long.curly hair
70%
For the first time in the history of the world, a _____ ____ climbed into a tree one dayyoung girl
70%
Independant! _________!Independant
60%
He's in the middle of putting things together and ______ _____.organizing himself
60%
It really felt good to lay down next to you. I didn't remember how much I missed _____ _____.that feeling
60%
I was busy looking for another job, and I also have a ____ ______, I told them I have a heart condition.heart condition
60%
Take the time you need to _______ and love.rotate
60%

You're not logged in!

Compare scores with friends on all Sporcle quizzes.
OR
Log In

Sporcle TV

Today on Sporcle TV


Watch our educational content, quiz creation guides, and fun videos on Sporcle TV.

Show Comments

Extras

Top Quizzes Today


Score Distribution

Your Account Isn't Verified!

In order to create a playlist on Sporcle, you need to verify the email address you used during registration. Go to your Sporcle Settings to finish the process.

Report this User

Report this user for behavior that violates our Community Guidelines.

Details: